| 000 | 005050000a22001810004500 | ||
|---|---|---|---|
| 003 | MACL | ||
| 005 | 20160318115320.0 | ||
| 008 | 160318b xxu||||| |||| 00| 0 eng d | ||
| 040 |
_aMACL _cMACL |
||
| 041 | _aHindi | ||
| 082 | _a891.432 | ||
| 100 |
_aअश्क उपेन्द्र नाथ _941793 |
||
| 245 | _aपैंतरे | ||
| 260 |
_bनीलाभ प्रकाशन _aइलाहाबाद |
||
| 350 | _a3 | ||
| 650 |
_aDrama _947157 |
||
| 942 |
_cHIN _k891.432 _2ddc |
||
| 999 |
_c23952 _d23952 |
||